Interpreten mit den meistverkauften Tonträgern nach Bild - Statistiken

Allgemein
  • Dieses Quiz wurde 65 mal gespielt
  • Das Durchschnittsergebnis liegt bei 12 aus 16
Antwortstatistiken
Bildquiz Antwort % Korrekt
The Beatles
98%
Elton John
97%
Elvis Presley
95%
Michael Jackson
95%
Taylor Swift
92%
Rihanna
90%
Eminem
87%
Queen
87%
Madonna
82%
Beyoncé
79%
Whitney Houston
75%
Céline Dion
67%
Mariah Carey
61%
Led Zeppelin
23%
Pink Floyd
20%
Eagles
13%
Keine übereinstimmenden Quizze gefunden
Verteilung der Resultate
Anzahl Personen mit jedem Resultat
Perzentil nach korrekt beantworteten Fragen
Ihre Resultats-Entwicklung
Sie haben dieses Quiz noch nicht gespielt